Normal view
MARC view
Entry Personal Name
001 - CONTROL NUMBER
- control field: 11691
003 - CONTROL NUMBER IDENTIFIER
- control field: OSt
005 - DATE AND TIME OF LATEST TRANSACTION
- control field: 20220918112046.0
008 - FIXED-LENGTH DATA ELEMENTS
- fixed length control field: 220918|| aca||aabn | a|a d
040 ## - CATALOGING SOURCE
- Original cataloging agency: OSt
- Transcribing agency: OSt
100 ## - HEADING--PERSONAL NAME
- Personal name: रामेश्वरप्रसाद, सम्प
670 ## - SOURCE DATA FOUND
- Source citation: Work cat.: (OSt)118140: कालिदास; मिश्र, , मेघदूतम्, सम्प रामेश्वरप्रसाद मिश्र, 1966
